| 000 | 01114nam a2200277 4500 | ||
|---|---|---|---|
| 001 | 0000022615 | ||
| 003 | CO-CtgCURN | ||
| 005 | 20250331185237.0 | ||
| 007 | ta | ||
| 008 | 160627s 000 0 eng d | ||
| 040 |
_aCO-CtgCURN _bspa _ccoctgcurn |
||
| 082 | 0 |
_a621.1 _bM35f |
|
| 100 | 1 | _aMelguizo Bermudez, Samuel. | |
| 245 | 1 | 0 |
_aFundamentos de electricidad y electronica / _cSamuel Melguizo Bermudez. |
| 260 |
_aMedellin : _bArtesa |
||
| 300 | _a308 p. | ||
| 336 | _2rdacontent | ||
| 337 |
_2rdamedia _asin mediacion _bn |
||
| 338 |
_2rdacarrier _avolumen _bnc |
||
| 500 | _aIncluye indice detallado por capitulo. | ||
| 505 | 8 | _aCircuitos compuestos resonantes.--Casos de dos resistencias paralelas.--La frecuencia de la resonancia.--El campo de una antena dipolo.--Curva en un circuito.--La frecuencia de resonancia para una serie.--El circuito teorico lc sin resistencia ohmica.--El metodo de las admitancias para circuitos en paralelo | |
| 650 | 1 | 4 | _aFisica. |
| 908 | _a160627 | ||
| 942 |
_cBK _h621.1 _iM35f _2ddc |
||
| 999 |
_c23870 _d23870 |
||